[Event "Tan Chin Nam Cup 3rd "]
[Site "Beijing"]
[Date "1997.08.19"]
[Round "10"]
[White "Liang, Jinrong"]
[Black "Zhu, Chen"]
[Result "1/2-1/2"]
[WhiteElo "2425"]
[BlackElo "2515"]
[Annotator "Har Zvi,R"]
[PlyCount "43"]
[EventDate "1997.08.11"]
[EventType "tourn"]
[EventRounds "11"]
[EventCountry "CHN"]
[EventCategory "12"]
[SourceTitle "CBM 061"]
[Source "ChessBase"]
[SourceDate "1997.11.23"]
[SourceVersion "1"]
[SourceVersionDate "1997.11.23"]
[SourceQuality "1"]

1. e4 c5 2. Nf3 d6 3. Bb5+ Nd7 4. d4 Ngf6 5. Nc3 a6 6. Bxd7+ Nxd7 7. O-O (7.
Bg5 h6 8. Bh4 (8. Be3 e6 9. dxc5 dxc5 10. a4 Be7 11. a5 b5 12. axb6 Qxb6 13.
Na4 Qc7 14. O-O O-O 15. Nd2 {1/2-1/2 Ivanov,A-Spraggett,K/Roses 1992/TD 92\09})
8... g5 9. Bg3 Bg7 10. h3 cxd4 11. Nxd4 Qb6 12. Nf5 Bxc3+ 13. bxc3 Nf6 14. Qd3
Qc6 15. O-O Bxf5 16. exf5 Qd5 $13 {/-/+ 1-0 Grosar,A-Tratar,M/SLO-ch 1996/EXT
96ch2 (29)}) 7... e6 (7... cxd4 8. Qxd4 e6 9. Be3 Qc7 10. Rfd1 Ne5 11. Nxe5
dxe5 12. Qa4+ Bd7 13. Qb3 Be7 14. Rd2 O-O 15. Rad1 Be8 16. Na4 b5 17. Nb6 Rd8
18. Rxd8 Bxd8 19. c4 Bc6 20. f3 Be7 21. Qc3 $13 {1/2-1/2 Antonio,R-Gallagher,J/
Biel Mixed 1991/CBM 25 (40)}) 8. Bg5 (8. dxc5 dxc5 (8... Nxc5 9. Bf4 Qc7 10.
Qd2 b5 11. b4 Nd7 12. Rfd1 Bb7 13. Bxd6 Bxd6 14. Qxd6 Rc8 15. Qd4 Nf6 16. Rd3
O-O 17. Rad1 Qc4 18. e5 {1/2-1/2 Hachian,M-Gallagher,J/Candas op 1996/EXP 51})
9. a4 b6 10. Bf4 Be7 11. Qe2 O-O 12. Rfd1 Qe8 13. Nd2 Nf6 14. Nc4 Qc6 15. Bd6
$1 Ra7 16. Bxe7 Rxe7 17. Rd6 Qc7 18. Rxb6 $16 {1/2-1/2 Fedorov,V-Ubilava,E/
Oviedo rapid 1993/EXP 38 (30)}) 8... Qc7 (8... f6 9. Be3 Be7 10. d5 e5 11. Nh4
g6 12. f4 exf4 13. Bxf4 O-O 14. Qg4 Ne5 15. Qg3 Rf7 16. Nd1 Rg7 17. Nf3 Nf7 18.
Bd2 Bd7 19. Ne3 h5 20. Kh1 b5 21. c3 Kh7 $13 {0-1 Rogers,I-Sunye Neto,J/Luzern
olm 1982/BIG 80 (49)}) 9. dxc5 (9. Re1 cxd4 (9... b5 10. a3 Bb7 11. Qd2 h6 12.
Bh4 cxd4 13. Nxd4 g5 14. Bg3 Ne5 15. a4 Nc4 16. Qe2 b4 17. Na2 Bg7 18. c3 bxc3
19. bxc3 O-O $17 {0-1 Curdo,J-Van Wely,L/New York op 1997/EXP 57 (34)}) (9...
f6 10. Bf4 (10. Bh4 Be7 11. e5 dxe5 12. dxe5 O-O 13. exf6 Nxf6 14. Qe2 $16 {
1-0 Maiwald,J-Kengis,E/Bonn GSK 1995/CBM 45/[Von Gleich] (41)}) 10... cxd4 11.
Nxd4 Ne5 12. Bg3 g5 $5 13. Nce2 (13. f4 gxf4 14. Bxf4) 13... h5 $132 {/|^ 0-1
Rigo,J-Nunn,J/Lugano op 1985/MCL 02 (40)}) 10. Qxd4 Ne5 11. Rad1 Bd7 (11... f6
12. Bc1 Be7 13. Kh1 b5 14. a3 Rb8 15. Qe3 O-O 16. Nd4 Qc5 $132 {0-1 Valkesalmi,
K-Arnason,J/Helsinki 1986/MCL 02 (40)}) 12. Nxe5 dxe5 13. Qd2 b5 14. a3 Rc8 15.
Re3 f6 16. Rd3 Bc6 17. Be3 Kf7 18. f3 a5 19. Qf2 b4 20. axb4 axb4 21. Na2 Bb5
22. R3d2 Ra8 23. Nc1 Be7 $17 {[%csl Gb5,Rc2,Ge7] Ljubojevic,L-Kasparov,G/
Amsterdam Euwe-mem 1991/CBM 23/0-1 (40)}) 9... Nxc5 10. Qd4 $146 (10. Re1 f6
11. Bd2 (11. Bh4 b5 12. Nd4 b4 13. Nd5 exd5 14. Qh5+ Qf7 15. exd5+ Be7 16. Qe2
O-O 17. Qxe7 Qxd5 18. Rad1 Bb7 $13 {1/2-1/2 Ricardi,P-Gallagher,J/Benidorm op
1991/EXT 91op2 (68)}) 11... Qf7 12. Bf4 e5 13. b4 Qc4 14. Bd2 Nd7 15. Nd5 b5
16. Re3 Rb8 17. Qe1 f5 18. Ng5 fxe4 19. Ne6 Kf7 20. Nec7 Qd4 21. Rc3 e3 22.
Bxe3 Qe4 23. f3 Qg6 24. a4 bxa4 25. Qe2 Nf6 26. Qc4 Nxd5 27. Nxd5 Be6 28. Qc7+
Kg8 29. Qxb8 Bxd5 30. Rc8 Qf6 31. Bg5 {1-0 Ghinda,M-Ftacnik,L/Bratislava 1983/
MCD-r8}) 10... f6 11. Be3 Be7 (11... b6 $5) 12. a4 b6 (12... O-O $6 13. a5 {
[%csl Rb6]}) 13. Qc4 (13. Qd2 Bb7 14. Nd4 Kf7 15. f3 Rhd8) 13... Bd8 {the best
move} (13... a5 $6 {a positional mistake} 14. Nd4 Ba6 15. Ndb5 (15. Nxe6 Qc8 (
15... Nxe6 $2 16. Qxe6 Bxf1 17. Nd5 $16 {/+-}) 16. Nxg7+ Kf8) 15... Qc6 16.
Rad1 {[%csl Rd6,Re6]}) 14. Nd4 (14. Rfd1 O-O 15. b4 Nb7 16. Qb3 Bd7 $132) 14...
Nb7 (14... O-O $5 15. f4 Qf7) 15. Qa2 Qf7 16. f4 O-O 17. f5 Re8 (17... exf5 18.
Qxf7+ Rxf7 19. Nxf5 $14) 18. Rad1 (18. fxe6 Bxe6 19. Nxe6 Qxe6 20. Qxe6+ Rxe6
21. Rad1 $14) 18... exf5 19. Qxf7+ Kxf7 20. Nxf5 Bxf5 21. Rxf5 Rc8 22. Rfd5 $14
{/= the position is something between equal and very slight advantage for
white,white who is a less elo than his opponent offerd a draw which there is
really no reasin for black not to accept} 1/2-1/2

[Event "Lee Cup 4th"]
[Site "Beijing"]
[Date "1997.08.27"]
[Round "4"]
[White "Peng, Xiaomin"]
[Black "Pigusov, Evgeny"]
[Result "1/2-1/2"]
[WhiteElo "2530"]
[BlackElo "2560"]
[Annotator "Har Zvi,R"]
[PlyCount "41"]
[EventDate "1997.08.23"]
[EventType "swiss"]
[EventRounds "11"]
[EventCountry "CHN"]
[SourceTitle "CBM 061"]
[Source "ChessBase"]
[SourceDate "1997.11.23"]
[SourceVersion "1"]
[SourceVersionDate "1997.11.23"]
[SourceQuality "1"]

1. e4 c5 2. Nf3 d6 3. Bb5+ Nd7 4. d4 Ngf6 5. Nc3 {there are other 2 main moves
in this position 5.e5 and 5.Nc3 but that's already another story} a6 6. Bxd7+
Nxd7 7. O-O (7. Bg5 h6 8. Bh4 (8. Be3 e6 9. dxc5 dxc5 10. a4 Be7 11. a5 b5 12.
axb6 Qxb6 13. Na4 Qc7 14. O-O O-O 15. Nd2 {1/2-1/2 Ivanov,A-Spraggett,K/Roses
1992/TD 92\09}) 8... g5 9. Bg3 Bg7 10. O-O (10. h3 cxd4 11. Nxd4 Qb6 12. Nf5
Bxc3+ 13. bxc3 Nf6 14. Qd3 Qc6 15. O-O Bxf5 16. exf5 Qd5 17. Rab1 Qxd3 18. cxd3
O-O-O 19. Rfe1 Rd7 20. c4 Nh5 21. Bh2 Ng7 22. g4 e6 23. Rb6 Rhd8 24. c5 dxc5
25. Reb1 Rxd3 26. Kg2 Rd1 27. R1b3 R1d3 28. Rxb7 Rxb3 29. Rc7+ Kb8 30. axb3 {
1-0 Grosar,A-Tratar,M/SLO-ch 1996/EXT 96ch2}) 10... g4 11. Nh4 Bxd4 12. Nf5
Bxc3 13. bxc3 Nf6 14. Be5 $1 Bxf5 (14... dxe5 $4 15. Ng7+) 15. Bxf6 exf6 16.
exf5 h5 17. Re1+ Kf8 18. Qd5 $44 {1/2-1/2 Pavasovic,D-Soffer,R/Budapest FS06
GM 1994/EXP 41 (39)}) 7... e6 (7... cxd4 8. Qxd4 e6 9. Be3 (9. Re1 f6 10. Be3
Be7 11. Rad1 O-O 12. Nd2 b5 13. Nd5 Nc5 14. Nxe7+ Qxe7 15. Nb3 Nxb3 16. axb3
Rd8 $11 {0-1 Slobodjan,R-Dokhoian,Y/Cuxhaven op 1993/EXT 93op (47)}) 9... Qc7
10. Rfd1 Ne5 11. Nxe5 dxe5 12. Qa4+ Bd7 13. Qb3 Be7 14. Rd2 O-O 15. Rad1 Be8
16. Na4 b5 17. Nb6 Rd8 18. Rxd8 Bxd8 19. c4 Bc6 $132 {1/2-1/2 Antonio,
R-Gallagher,J/Biel Mixed 1991/CBM 25 (40)}) (7... g6 8. Bg5 h6 9. Be3 Bg7 10.
dxc5 dxc5 11. a4 b6 12. Qd5 Rb8 13. Rfd1 Qc7 14. Qd2 g5 15. Nd5 Qc6 16. a5 b5
17. Nb6 Rb7 18. Qd5 Qxd5 19. Rxd5 Rxb6 (19... Nxb6 20. axb6 Rxb6) 20. axb6 Bb7
21. Rd2 Nxb6 22. Rad1 O-O 23. b3 Bxe4 24. Bxc5 Nc8 25. Bd4 $14 {0-1
Spangenberg,H-Larsen,B/Mar del Plata op 1995/EXT 95op (81) /+/-}) 8. Bg5 (8.
dxc5 Nxc5 9. Bg5 (9. Bf4 Qc7 10. Qd2 b5 11. b4 Nd7 12. Rfd1 Bb7 13. Bxd6 Bxd6
14. Qxd6 Rc8 15. Qd4 Nf6 16. Rd3 O-O 17. Rad1 Qc4 18. Qxc4 Rxc4 19. Ne5 Rxb4
$17 {0-1 Rechlis,G-Mestel,A/Beersheba 1988/CBM 09 (42)}) 9... Qb6 10. Rb1 Bd7
11. b4 Na4 12. Nxa4 Bxa4 13. Qd3 h6 14. Be3 Qc7 15. c4 Be7 16. Rfc1 O-O 17. Nd4
Rfc8 $11 {1/2-1/2 Keres,P-Ljubojevic,L/Petropolis izt 1973/IZT (41)}) 8... Qc7
(8... f6 9. Be3 Be7 10. d5 e5 11. Nh4 g6 12. f4 exf4 13. Bxf4 O-O 14. Qg4 Ne5
15. Qg3 Rf7 16. Nd1 Rg7 17. Nf3 Nf7 18. Bd2 Bd7 19. Ne3 h5 20. Kh1 $13 {
0-1 Rogers,I-Sunye Neto,J/Luzern olm 1982/BIG 80 (49)}) 9. dxc5 (9. Re1 cxd4 (
9... b5 10. a3 Bb7 11. Qd2 h6 12. Bh4 cxd4 13. Nxd4 g5 14. Bg3 Ne5 15. a4 Nc4
16. Qe2 b4 17. Na2 Bg7 18. c3 bxc3 19. bxc3 O-O $17 {Curdo,J-Van Wely,L/New
York op 1997/EXP 57/0-1 (34)}) (9... f6 10. Bf4 (10. Bh4 Be7 11. e5 dxe5 12.
dxe5 O-O 13. exf6 Nxf6 14. Qe2 $16 {1-0 Maiwald,J-Kengis,E/Bonn GSK 1995/CBM
45/[Von Gleich] (41)}) 10... cxd4 11. Nxd4 Ne5 12. Bg3 g5 $5 13. Nce2 (13. f4
gxf4 14. Bxf4) 13... h5 14. f4 h4 $1 15. fxe5 hxg3 16. exf6 e5 17. Nxg3 (17.
Nf5 Qc5+ $19) 17... exd4 18. Qxd4 Kf7 (18... Qc5 19. Qxc5 dxc5 20. e5 Be6 21.
Ne4 $13) 19. Qd5+ (19. e5 d5 $1 20. Qxd5+ Be6 {/\ ...Bc5, ...Rh2}) 19... Be6
20. Qxg5 Bh6 21. Qh5+ Kf8 22. Kh1 Rh7 $36 {0-1 Rigo,J-Nunn,J/Lugano op 1985/
MCL 02 (40)}) 10. Qxd4 Ne5 11. Rad1 Bd7 12. Nxe5 dxe5 13. Qd2 b5 14. a3 Rc8 15.
Re3 f6 16. Rd3 Bc6 17. Be3 Kf7 18. f3 a5 19. Qf2 b4 20. axb4 axb4 21. Na2 Bb5
22. R3d2 Ra8 23. Nc1 Be7 $15 {/+/- Ljubojevic,L-Kasparov,G/Amsterdam Euwe-mem
1991/CBM 23/0-1 (40)}) (9. a4 h6 10. Bh4 cxd4 11. Nxd4 Ne5 12. Kh1 g5 13. Bg3
h5 $15 {1/2-1/2 Kamsky,G-Gurevich,D/USA-ch 1993/CBM 39/[Ernst] (68)}) 9... Nxc5
10. Re1 b5 (10... f6 11. Bd2 (11. Bh4 b5 12. Nd4 b4 13. Nd5 exd5 14. Qh5+ Qf7
15. exd5+ Be7 16. Qe2 O-O 17. Qxe7 Qxd5 18. Rad1 Bb7 $132 {1/2-1/2 Ricardi,
P-Gallagher,J/Benidorm op 1991/EXT 91op2 (68)}) 11... Qf7 12. Bf4 e5 13. b4 Qc4
14. Bd2 Nd7 15. Nd5 b5 16. Re3 Rb8 17. Qe1 f5 18. Ng5 fxe4 19. Ne6 Kf7 20. Nec7
Qd4 21. Rc3 e3 22. Bxe3 Qe4 23. f3 Qg6 24. a4 bxa4 25. Qe2 Nf6 26. Qc4 Nxd5 27.
Nxd5 Be6 28. Qc7+ Kg8 29. Qxb8 Bxd5 30. Rc8 Qf6 31. Bg5 {1-0 Ghinda,M-Ftacnik,
L/Bratislava 1983/MCD-r8}) 11. Nd5 $5 Qb7 (11... exd5 $6 12. exd5+ Kd7 13. Nd4
$1 Qb6 (13... h5 $2 14. Qf3 $18) (13... Qb7 14. Qf3 f6 15. Bxf6 Kc7 16. Bh4 $44
{when it seems white has a fantastic position,2 pawns for the piece and
black's pieces are not in the game} (16. Bxg7 Bxg7 17. Re7+ Kb6 18. Rxb7+ Bxb7
{when black has too much material for the queen})) 14. Qf3 f6 15. Bxf6 Kc7 (
15... gxf6 16. Qxf6 $18) 16. b4 $1 $40 {/+/-}) 12. Qd4 e5 {it seems as there
is reallt no other idea for black} (12... exd5 13. exd5+ Kd7 14. b4 $1 {
Qxg7 is a very nice move to play,but I think that if black's king is in the
position he stands right now,white should try to avoid Queens exchanges} (14.
Qxg7 $5 Bxg7 15. Re7+ Kd8 16. Rxb7+ Ke8 (16... f6 17. Rxg7 fxg5 18. Nxg5 $16)
17. Re1+ Kf8 18. Rc7 $44) 14... Na4 15. c4 $1 {I want to open also the "c" file
} bxc4 16. Qxc4 Nb6 17. Qc2 f6 (17... Nxd5 18. Nd4 $1 {[%cal Ga1c1,Gc2a4]} f6
19. Qa4+ Kc7 20. Rac1+ $18) (17... Qxd5 18. Rac1 {[%cal Gc2c7]}) 18. Rac1 $18)
(12... h6 13. Bh4) 13. Qb4 Be6 14. Rad1 h6 15. Bh4 (15. Be3 $5 Rc8 16. b3 $13)
15... Rc8 (15... g5 16. Bg3 f5 $13) 16. b3 g5 17. Bg3 Bg7 18. Nc3 Qc6 19. Nd5
Qb7 20. Nc3 Qc6 21. Nd5 {a very solid and quite end to a very complicated and
unclear game} 1/2-1/2

[Event "CZE-ch"]
[Site "Zlin"]
[Date "1997.??.??"]
[Round "4"]
[White "Velicka, Petr"]
[Black "Babula, Vlastimil"]
[Result "1/2-1/2"]
[WhiteElo "2405"]
[BlackElo "2535"]
[Annotator "Har Zvi,R"]
[PlyCount "44"]
[EventDate "1997.06.12"]
[EventType "tourn"]
[EventRounds "11"]
[EventCountry "CZE"]
[EventCategory "10"]
[SourceTitle "CBM 061"]
[Source "ChessBase"]
[SourceDate "1997.11.23"]
[SourceVersion "1"]
[SourceVersionDate "1997.11.23"]
[SourceQuality "1"]

1. e4 c5 2. Nf3 Nc6 3. Bb5 d6 4. Bxc6+ bxc6 5. O-O (5. h3 e5 6. O-O $2 g5 $1 7.
d3 g4 8. hxg4 Bxg4 9. Nbd2 Ne7 10. Qe1 Rg8 11. Nh4 Ng6 12. Nxg6 Rxg6 13. f3 Bh3
14. Rf2 Qh4 15. Qe2 (15. Nf1 $2 Rxg2+ $19) 15... Bh6 16. Nc4 Bxc1 17. Rxc1 Kd7
18. Ne3 Rag8 19. Ng4 (19. Kf1 $2 Bxg2+ 20. Rxg2 Qh1+ $19) 19... Bxg4 20. fxg4
Rh6 $1 $19 21. Rxf7+ Ke8 22. g5 (22. Rxa7 Qh1+ 23. Kf2 Rf8+ $19) 22... Qh1+ 23.
Kf2 Qxc1 24. Qg4 Qd2+ {0-1 Spasov,V-Rogers,I/Groningen 1989/CBM 16/[Boensch]} (
24... Qd2+ 25. Kf1 (25. Kg1 Qe1+ 26. Rf1 Rh1+ 27. Kxh1 Qxf1+ 28. Kh2 Qf4+ $19)
(25. Kf3 Qd1+ $19) (25. Kg3 Rxg5 $19) 25... Rh1#)) 5... Bg4 (5... g6 6. Re1 Bg7
7. c3 e5 8. d4 cxd4 9. cxd4 exd4 10. Nxd4 Ne7 11. Nc3 Bd7 $2 12. Bf4 Nc8 13. e5
$1 dxe5 14. Bxe5 O-O 15. Bxg7 Kxg7 16. Qf3 $16 {1-0 Nevednichy,V-Kupreichik,V/
JUG-chT (Cetinje) 1993/TD 93\08 (43)}) (5... e5 6. Re1 (6. c3 g5 (6... Bg4 7.
d3 (7. h3 Bxf3 (7... Bh5 8. d3 Be7 9. Nbd2 Nf6 10. Qa4 Qd7 11. d4 exd4 12. cxd4
cxd4 13. Nxd4 Rc8 14. Nf5 O-O 15. b3 Rfe8 16. Bb2 Bg6 17. Nxe7+ Qxe7 18. Rfe1
$14 {0-1 Bologan,V-Akopian,V/WchJ Mamaia 1991/EXP 25 (36)}) 8. Qxf3 Nf6 9. Rd1
Be7 10. d4 cxd4 11. cxd4 exd4 12. Rxd4 Qb6 13. Rd1 O-O 14. Nc3 Rfe8 15. b3 Bf8
16. Bg5 Re6 17. Rac1 Rae8 18. Na4 Qa6 $11 {1/2-1/2 Leko,P-Ruban,V/Tilburg 1993/
CBM 39 (48)}) 7... g6 8. Nbd2 Bg7 9. h3 Be6 10. Qa4 Ne7 11. d4 exd4 12. cxd4
cxd4 13. Nxd4 O-O 14. N2f3 Bd7 15. Qc2 c5 16. Ne2 Qa5 17. Bd2 Qa6 18. Bc3 d5
19. Bxg7 Kxg7 20. exd5 Bb5 21. Rfe1 Nxd5 22. Qxc5 Bxe2 23. Qxd5 $16 {1/2-1/2
Nevednichy,V-Stripunsky,A/Bucharest Ciocaltea 1994/CBM 40 (60)}) 7. d4 g4 8.
Nfd2 cxd4 9. cxd4 exd4 10. Nc4 Bg7 11. Bf4 Be6 12. Nxd6+ Kf8 13. Nd2 Ne7 14.
Nb3 Qb6 15. Rc1 Ng6 16. Bg3 h5 17. Nf5 $16 {1-0 Rublevsky,S-Stripunsky,A/
RUS-chT Kazan 1995/CBM 51/[Hecht] (57)}) 6... Nf6 7. c3 Bg4 8. d4 (8. d3 Be7 9.
Nbd2 O-O 10. h3 Be6 11. d4 exd4 12. cxd4 Nd7 13. Nf1 d5 14. Ng3 c4 15. Qc2 Re8
16. Bd2 Nf8 17. Rad1 dxe4 18. Nxe4 Bd5 19. Ne5 Ne6 20. Nxc4 Nxd4 21. Qd3 Ne6
22. Bc3 Qc7 23. Be5 Bxc4 24. Qc3 Bb4 25. Qxb4 Qxe5 26. Qxc4 Qxb2 {1/2-1/2
Iordachescu,V-Dvoirys,S/Novgorod op 1995/EXP 49}) 8... cxd4 9. cxd4 exd4 10.
Qxd4 Bxf3 11. gxf3 Be7 12. e5 dxe5 13. Qxe5 Qd7 14. Bd2 Nd5 15. Nc3 f6 16. Qh5+
g6 17. Nxd5 cxd5 (17... gxh5 18. Nxf6+) 18. Qh4 Kf7 (18... O-O 19. Rad1 Bc5 20.
Bc3 Qf5 21. Qg4 Qxg4+ 22. fxg4 Rad8 23. Bd4 Bxd4 24. Rxd4 Rd6 {1/2-1/2
Stefanova,A-Hoelzl,F/Vienna Bawag 1996/CBM 54}) 19. Rac1 h5 20. Qd4 Rhc8 21.
Kg2 Bd8 22. Qe3 Bb6 23. Qd3 Rxc1 24. Bxc1 Rc8 25. Be3 Bxe3 26. fxe3 Kg7 $15 {
0-1 Tseitlin,M-Akopian,V/Beersheba 1992/CBM 30 (49)}) 6. d3 Nf6 (6... e5 7.
Nbd2 g6 8. h3 Bxf3 9. Qxf3 Bg7 10. Nc4 Ne7 11. Bg5 O-O 12. Bf6 Qd7 13. Rae1
Rae8 14. a3 Nc8 15. Bxg7 Kxg7 16. Qg4 f5 17. exf5 Rxf5 $13 {Bologan,V-Maiorov,
O/RUS-Cup6 1997/CBM 59/1/2-1/2 (47)}) 7. h3 (7. c3 e6 8. Bg5 Be7 9. Nbd2 O-O
10. Qa4 Bxf3 11. Nxf3 Qc7 12. Rfe1 Rfb8 13. Re2 e5 14. d4 exd4 15. cxd4 Rb4 16.
Qa3 Rab8 $13 {Rublevsky,S-Tiviakov,S/RUS-ch 1996/CBM 56/1/2-1/2 (37)}) 7... Bh5
8. Nbd2 e6 9. e5 $146 (9. Re1 Nd7 10. b3 (10. Qe2 Be7 11. Qe3 O-O 12. Nf1 Rb8
13. Ng3 Bg6 14. b3 Bf6 15. Rb1 Qa5 16. a4 Ne5 17. Nh2 Nd7 18. Bd2 Bc3 19. Nhf1
Rfe8 20. Ne2 Bxd2 21. Nxd2 d5 22. Nf4 $132 {Krivolapov,K-Tomcsanyi,P/Budapest
Schneider op 1995/EXP 46/1-0 (55)}) 10... Be7 11. Bb2 O-O 12. Nc4 a5 13. a4 d5
14. Nce5 Nxe5 15. Bxe5 f6 16. Bc3 e5 17. Qe2 Qc7 18. Rab1 Rae8 19. g4 Bf7 20.
Nh2 Bd6 21. Nf1 Rb8 22. Ng3 g6 23. Kg2 Be6 $13 {Webb,L-Isupov,V/Vladivostok op
1995/EXP 46/1-0 (41)}) 9... dxe5 10. Qe1 c4 $8 {the only move,but of course a
clear,black must not allow white to take in this position on e5,since if white
manages to do so he is much better,continuaing with b3 and Bb2 after} 11. Nxc4
(11. dxc4 Bxf3 (11... e4 12. Nxe4 (12. Ne5 $2 Qd4 13. Nxc6 Qc5 {[%csl Rc6]}) (
12. Ng5 Bg6 13. Ngxe4 Nxe4 14. Nxe4 Qd4 15. Nc3 Qxc4 $13 {[%csl Rc2] /=/+} (
15... Bxc2 16. Be3 Qxc4 17. Qd2 Bd3 18. Rfd1 Rd8 19. Bxa7 Bb4 $13)) 12... Bxf3
13. gxf3 Be7 $14) (11... Bg6 12. Nxe5 Bxc2 13. Nxc6 Qc7 14. Ne5 Bd6 15. Ndf3
Be4 16. Qc3 {[%cal Gb2b3,Gc1b2]}) 12. Nxf3 e4 13. Ng5 Qd4 14. Qe2 h6 (14... Bd6
15. Re1 Qe5 16. g3 Bc5 17. Kg2 e3 18. f4) 15. Rd1 Qe5 16. Nf3 Qh5 17. Nd4 Qxe2
18. Nxe2 $14 {[%csl Ra7,Rc6,Re4]}) 11... Bxf3 12. gxf3 Qd5 13. Nxe5 Bd6 14. f4
Nd7 15. Nxd7 (15. c4 $2 Nxe5 16. cxd5 (16. fxe5 Qxe5 17. Qxe5 Bxe5 {[%csl Rb2,
Rd3]}) 16... Nf3+ 17. Kg2 Nxe1+ 18. Rxe1 cxd5 19. f5 Kd7 $15) (15. Nc4 Bc7 $44
{[%csl Rf4,Rh3]}) 15... Kxd7 16. Qe4 Qh5 17. Kg2 g5 $5 18. fxg5 (18. f5 $5 g4
$1 19. hxg4 Rag8 20. fxe6+ fxe6 21. Rh1 Rxg4+ 22. Kf1 Bh2 $3 23. f4 (23. Rxh2
$4 Rg1+ 24. Kxg1 Qd1+ $19 25. Kg2 Rg8+ 26. Kh3 Qh5+ 27. Qh4 Qf5+) (23. Qe3 $5)
23... Qh3+ 24. Ke1 Rg2 $40 {[%csl Re1] /-+}) 18... h6 19. Qf3 (19. Qg4 $5 {
this is a very interesting move,when white plan is very simple,if we exchange
Queens white is better and if you play Qg6 with my queen on g4 I may take
another pawn on h6...} Qg6 (19... Qxg4+ 20. hxg4 hxg5 21. Bd2 (21. Rh1 Rxh1 22.
Kxh1 Rh8+ 23. Kg2 Rh4) 21... Rh4 22. Kf3 {when I can not see black's
compensation for the pawn}) (19... hxg5 $5 20. Qxh5 Rxh5 21. Be3 {[%csl Rh3]
it is true black has some compensation but white is better here}) 20. f4 $5 (
20. gxh6 Qf6 21. Bg5 $1 (21. Kh1 $6 Rag8 22. Qe4 (22. Qh5 $6 Bf4 $1 23. Qf3 (
23. h7 Rg7 24. Qf3 Rgxh7 (24... e5 $5) 25. Qxf4 Rxh3+ 26. Kg2 Qg6+ 27. Qg5 Qh7
$138) 23... e5) 22... Rg3 $1 23. fxg3 Qxf1+ 24. Kh2 Bxg3+ (24... Rg8 $2 25. Bf4
) 25. Kxg3 Rg8+ 26. Kh4 Qf2+ 27. Kh5 Qc5+ 28. Kh4 Qf2+ $11) 21... Qe5 (21...
Qxb2 22. Rab1 Qxc2 23. Qf3 $16 {/+-}) 22. f4 Qxb2 (22... Qd5+ 23. Qf3 Rag8 (
23... Qf5 24. Qe4 $16) 24. Qxd5 cxd5 25. Kf2 $16) 23. f5 $1 $16) 20... f5 21.
gxf6 (21. Qf3 $2 hxg5 22. fxg5 Rh5 $1 $40 {[%csl Rg5,Rh3][%cal Ga8h8,Gf5f4]})
21... Qxf6 22. Qf3 {and it's hard to see enough compensation for black for his
2 pawns}) 19... Qg6 20. Qf6 (20. Qe4 $2 f5 $1) (20. Bd2 hxg5 {[%csl Rh3][%cal
Gh8h4,Ga8h8]} 21. Rh1 Rh4 22. Rag1 Rah8 23. Kf1 f6 $44) 20... Qh5 21. Qf3 (21.
g6 Rhg8 22. Qxf7+ (22. g7 Be5 $19) 22... Be7 $19) 21... Qg6 22. Qf6 Qh5 1/2-1/2